Historia de las civilizaciones antiguas
Αποθηκεύτηκε σε:
| Κύριος συγγραφέας: | |
|---|---|
| Μορφή: | Βιβλίο |
| Γλώσσα: | Ισπανικά |
| Έκδοση: |
Barcelona, España
Crítica
2000
|
| Σειρά: | Biblioteca de Bolsillo,
43-44 |
| Θέματα: | |
| Ετικέτες: |
Προσθήκη ετικέτας
Δεν υπάρχουν, Καταχωρήστε ετικέτα πρώτοι!
|
MARC
| LEADER | 00000nam a2200000 a 4500 | ||
|---|---|---|---|
| 001 | UCG2789 | ||
| 003 | CL-VaPUC | ||
| 005 | 20231113092532.0 | ||
| 008 | 100723e20000900SP |||||||||||||||||spa|d | ||
| 999 | |c 341913 |d 341911 | ||
| 020 | |a 8484321126 (o.c) | ||
| 020 | |a 8484320979 (t.1) | ||
| 020 | |a 8484321118 (t.2) | ||
| 040 | |c Pontificia Universidad Católica de Valparaíso | ||
| 082 | 0 | 4 | |a 930 COT 2000 |2 21 |
| 100 | 0 | |a Cotterell, Arthur |e author |9 551408 | |
| 245 | 1 | 0 | |a Historia de las civilizaciones antiguas |
| 260 | |a Barcelona, España |b Crítica |c 2000 | ||
| 300 | |a tomos | ||
| 490 | 0 | |a Biblioteca de Bolsillo, |v 43-44 | |
| 500 | |a t.1: Egipto, Oriente próximo | ||
| 500 | |a t.2: Europa, América, China, India | ||
| 583 | |a last modification |c 20100723 00:00:00 |k Rodrigo Vera | ||
| 650 | 0 | |a Civilizaciones antiguas |z EGIPTO |z BABILONIA |z GRECIA |9 265998 | |
| 650 | 0 | |a Historia antigua |9 267521 | |
| 650 | 0 | |a Culturas precolombinas |9 408769 | |
| 852 | |a BIBCUR | ||
| 942 | |c BK |2 ddc | ||
| 945 | |d 20100723 00:00:00 |a mfarfan | ||
| 952 | |0 0 |1 0 |2 ddc |4 0 |6 930_000000000000000_COT_2000 |7 0 |8 A |9 437739 |a BIBHIS |b BIBHIS |d 2019-11-22 |h t.1 |i 4697162 |o 930 COT 2000 |p 4697162 |r 2025-01-20 |t 1 |w 2019-11-22 |y BK |k HIS | ||
| 952 | |0 0 |1 0 |2 ddc |4 0 |6 930_000000000000000_COT_2000 |7 0 |8 A |9 437740 |a BIBHIS |b BIBHIS |d 2019-11-22 |h t.1 |i 4709918 |o 930 COT 2000 |p 4709918 |r 2025-01-20 |t 2 |w 2019-11-22 |y BK |k HIS | ||
| 952 | |0 0 |1 0 |2 ddc |4 0 |6 930_000000000000000_COT_2000 |7 0 |8 A |9 437741 |a BIBHIS |b BIBHIS |d 2019-11-22 |h t.1 |i 4766970 |o 930 COT 2000 |p 4766970 |r 2025-01-20 |t 3 |w 2019-11-22 |y BK |k HIS | ||
| 952 | |0 0 |1 0 |2 ddc |4 0 |6 930_000000000000000_COT_2000 |7 0 |8 A |9 437742 |a BIBHIS |b BIBHIS |d 2019-11-22 |h t.2 |i 4766989 |o 930 COT 2000 |p 4766989 |r 2025-01-20 |t 1 |w 2019-11-22 |y BK |k HIS | ||